| 000 | 00646nam a2200217 a 4500 | ||
|---|---|---|---|
| 005 | 20230602063809.0 | ||
| 008 | 160815s2014 mx r 000 0 spa d | ||
| 020 | _a9786074018851 | ||
| 035 | _aUPN01000212306 | ||
| 049 | _aCG | ||
| 050 | 4 |
_aPQ7298.429 O9.4 _bD4.7 |
|
| 100 | 1 |
_aSoulé Egea, Gabriela _939420 |
|
| 245 | 1 | 3 |
_aEl despertar del silencio : _buna novela de bullying / _cGabriela Soulé Egea. |
| 260 |
_aMéxico : _bISSSTE : _bM. A. Porrúa, _c2014. |
||
| 300 | _a261 p. | ||
| 440 | 0 | _aNovela | |
| 650 | 4 |
_aNovela mexicana _94557 |
|
| 650 | 7 |
_aAcoso en las escuelas _vNovela juvenil _2 _922597 |
|
| 905 | _aLibro | ||
| 999 |
_c184406 _d184406 |
||